000 00503nam a2200169Ia 4500
999 _c13328
_d13328
003 OSt
005 20201015111639.0
008 190216s9999||||xx |||||||||||||| ||und||
040 _coclc
082 _a813.52
_bGAR/C
100 _aGardner, Erle Stanley
_94809
245 4 _aThe Case Of The Vagabond Virgin /
_cErle Stanley Gardner
260 _bBallantine Books,
_c1948.
_aNewyork:
300 _a223p
650 _aEnglish Novel
942 _cBK
_2ddc
_h813.52
_iGAR/C
_k813.52
_mGAR/C